Upgrading and repairing Microsoft windows / (Record no. 61961)

MARC details
000 -LEADER
fixed length control field 00633nam a22001817a 4500
005 - DATE AND TIME OF LATEST TRANSACTION
control field 20120204134120.0
008 - FIXED-LENGTH DATA ELEMENTS--GENERAL INFORMATION
fixed length control field 120204t xxu||||| |||| 00| 0 eng d
020 ## - INTERNATIONAL STANDARD BOOK NUMBER
International Standard Book Number 8176357626
Terms of availability 450.00
035 ## - SYSTEM CONTROL NUMBER
System control number B-220367
040 ## - CATALOGING SOURCE
Original cataloging agency DPL
Language of cataloging ENG
100 ## - MAIN ENTRY--PERSONAL NAME
Personal name Mueller, Scott
9 (RLIN) 40798
245 ## - TITLE STATEMENT
Title Upgrading and repairing Microsoft windows /
Statement of responsibility, etc by Scott Mueller and Brian Knittel
260 ## - PUBLICATION, DISTRIBUTION, ETC. (IMPRINT)
Place of publication, distribution, etc New Delhi
Name of publisher, distributor, etc Techmedia
Date of publication, distribution, etc 2006
300 ## - PHYSICAL DESCRIPTION
Extent vii, 705p.
Dimensions 22 cms.
700 ## - ADDED ENTRY--PERSONAL NAME
Personal name Knittel, Brian
9 (RLIN) 40799
942 ## - ADDED ENTRY ELEMENTS (KOHA)
Source of classification or shelving scheme Dewey Decimal Classification
Item type English Books
Classification part 004
Call number suffix MUE
Holdings
Withdrawn status Lost status Source of classification or shelving scheme Damaged status Not for loan Collection code Home library Current library Shelving location Date acquired Cost, normal purchase price Total Checkouts Full call number Barcode Date last seen Cost, replacement price Koha item type
    Dewey Decimal Classification     Non-fiction Sarojini Nagar Sarojini Nagar General Stacks 04/02/2012 450.00   004 MUE B-220367 04/02/2012 450.00 English Books

© Delhi Public Library
Hit Counter
free hit counter